| 000 | 00591nam a2200181 a 4500 | ||
|---|---|---|---|
| 005 | 20240606063652.0 | ||
| 008 | 991125s1982 mx 000 0 spa u | ||
| 035 | _aUPN01000001880 | ||
| 049 | _aSEP | ||
| 050 | 4 |
_aL227 D375 _bM212 |
|
| 110 | 1 |
_aMéxico. _bDirección General de Educación Especial |
|
| 245 | 1 | 0 |
_aAlteraciones del lenguaje infantil desde una perspectiva psicolinguistica / _cDirección General de Educación Especial. |
| 260 |
_aMéxico : _bSEP, _c1982. |
||
| 300 | _a71 p. | ||
| 650 | 7 |
_aPsicolingüística _2 _9109 |
|
| 650 | 2 |
_aProblemas de lenguaje _95386 |
|
| 905 | _aLibro | ||
| 999 |
_c1880 _d1880 |
||